Top 10 Most Played Sports - Statistics

General Stats
  • This quiz has been taken 53 times
  • The average score is 6 of 15
Answer Stats
Hint Answer % Correct
. Soccer
92%
. Basketball
81%
. Baseball
78%
. Tennis
64%
. Cricket
53%
. Hockey
47%
. Golf
42%
. Rugby
42%
. Badminton
31%
. Table Tennis
28%
. Volleyball
28%
. Handball
19%
. Lacrosse
19%
. Track And Field
8%
. Cycling
3%
No matching quizzes found
Score Distribution
Percent of People with Each Score
Percentile by Number Answered
Your Score History
You have not taken this quiz